Religion in Bhutan - Statistics

General Stats
  • This quiz has been taken 29 times
    14 since last reset
  • The average score is 3 of 5
Answer Stats
Percentage Religion % Correct
74.9% Buddhism
100%
22.6% Hinduism
92%
0.5% Christianity
83%
1.9% Bon
42%
0.1% Others
25%
No matching quizzes found
Score Distribution
Percent of People with Each Score
Percentile by Number Answered
Your Score History
You have not taken this quiz since the last reset